Caricamento...

Basheer sampoorna krithikal

Dettagli Bibliografici
Autore principale: Muhammad Basheer, Vaikom; Author
Natura: Printed Book
Pubblicazione: Kottayam, D C Books 1992
Serie:1
Soggetti:
LEADER 005660000a22001810004500
040 |a MAL 
082 |a A3 MUH/BA N2.1 
100 |a Muhammad Basheer, Vaikom; Author 
245 |a Basheer sampoorna krithikal 
260 |a Kottayam, D C Books 
260 |c 1992 
460 |a v.1(1142p) 
490 |a 1 
500 |a Vaikom Muhammad Basheer 
650 |a Malayalam fiction 
650 |a Short stories, Malayalam 
999 |c 22970  |d 22970 
952 |0 1  |1 0  |4 1  |6 A_3_000000000000000_MUH_BA_N2_1  |7 0  |8 MAL  |9 22791  |a MGUL  |b MGUL  |d 2013-07-16  |l 0  |o A3 MUH/BA N2.1  |p 14030  |r 2013-07-16  |w 2013-07-16  |y BK